Statistics for Word Scramble - European Cities

Click here to take the quiz!

General Stats

  • This quiz has been taken 15,875 times
  • The average score is 8 of 20

Answer Stats

City% Correct
Rome
95%
Warsaw
95%
Kyiv
94%
Oslo
94%
Nice
93%
Ufa
93%
Moscow
92%
Paris
91%
Minsk
89%
Zagreb
89%
Milan
88%
London
87%
Lyon
87%
Sofia
87%
Venice
87%
Madrid
85%
Riga
83%
Kraków
82%
Malmö
81%
Lille
80%
Skopje
80%
Zürich
80%
Munich
79%
Turin
79%
Bari
78%
Berlin
78%
Dublin
78%
Geneva
77%
Linz
77%
Lisbon
76%
Porto
76%
Frankfurt
75%
Vilnius
75%
Perm
74%
Málaga
73%
Metz
73%
Helsinki
72%
Brussels
71%
Ghent
71%
Vienna
71%
Lviv
70%
Prague
70%
Glasgow
69%
Copenhagen
68%
Bratislava
66%
Leeds
66%
Sarajevo
66%
Stuttgart
66%
Budapest
65%
Ljubljana
64%
Vigo
64%
Amsterdam
63%
Chișinău
63%
Genoa
63%
Cardiff
61%
Tallinn
61%
Basel
60%
Bilbao
60%
Tirana
60%
Liège
58%
Dresden
57%
Odessa
57%
Leipzig
56%
Padua
56%
Kazan
54%
Stockholm
54%
Tula
54%
Birmingham
53%
Gdańsk
52%
Zaragoza
52%
Belfast
51%
Naples
51%
Valletta
51%
Wrocław
50%
Barcelona
49%
Bordeaux
49%
Bucharest
48%
Hamburg
47%
Belgrade
46%
Granada
46%
Iaşi
45%
Poznań
45%
Bologna
44%
Cologne
44%
Kharkiv
44%
Kursk
44%
Swansea
44%
Verona
43%
Athens
42%
Bremen
42%
Brno
42%
Priština
42%
Samara
42%
Sheffield
41%
Volgograd
40%
Palermo
39%
Antwerp
38%
Varna
38%
Lublin
37%
Seville
37%
Valencia
36%
Dnipro
34%
Florence
34%
Donetsk
33%
Hanover
33%
Mannheim
32%
Plovdiv
32%
Bristol
31%
Istanbul
31%
Manchester
30%
Nottingham
30%
Nuremberg
30%
Rennes
29%
Toulouse
29%
Tver
29%
Catania
28%
Eindhoven
27%
Bielefeld
26%
Brunswick
26%
Liverpool
26%
Rouen
26%
Strasbourg
26%
Montpellier
25%
Augsburg
24%
Edinburgh
24%
Cagliari
23%
Tours
23%
Voronezh
23%
Leicester
22%
Nantes
22%
Utrecht
22%
Chelyabinsk
21%
Gomel
21%
Marseille
21%
Rotterdam
21%
Sevastopol
21%
Thessaloniki
21%
Toulon
21%
Brighton
20%
Gothenburg
20%
Grenoble
20%
Valladolid
20%
Kirov
19%
Penza
19%
Southampton
19%
Aachen
18%
Kaliningrad
18%
Bergamo
17%
Newcastle
17%
Szczecin
17%
Bournemouth
16%
Murcia
16%
Belgorod
15%
Groningen
15%
Saarbrücken
15%
Zaporizhia
15%
Krasnodar
14%
Ostrava
13%
Ryazan
13%
Taranto
13%
Saratov
12%
Luhansk
11%
Bydgoszcz
10%
Stavropol
10%
Constanţa
8%
Izhevsk
8%
Mariupol
8%
Mykolaiv
8%
Brescia
7%
Tolyatti
6%
Yaroslavl
6%
Cheboksary
5%
Makhachkala
5%
Orenburg
5%
Vinnytsia
5%
Astrakhan
4%
Karlsruhe
4%
Lipetsk
4%
Ulyanovsk
4%
Charleroi
1%
Ivanovo
1%
Alicante
0%

Score Distribution

Percentile by Number Answered

Percent of People with Each Score

Your Score History

You have not taken this quiz